| 000 | 00646nam a2200205 u 4500 | ||
|---|---|---|---|
| 005 | 20231014063820.0 | ||
| 008 | 100518s2004 mx r 000 0 spa d | ||
| 020 | _a9686871721 | ||
| 035 | _aUPN01000175898 | ||
| 049 | _aCG | ||
| 050 | 4 |
_aPQ7297 G8 _bP6.7 |
|
| 100 | 1 |
_aGutiérrez Nájera, Manuel, _d1859-1895 _928399 |
|
| 245 | 1 | 0 |
_aPor donde se sube al cielo / _cManuel Gutiérrez Nájera ; pról. Belem Clark de Lara. |
| 260 |
_aMéxico : _bFactoría, _c2004. |
||
| 300 | _axxviii, 122 p. | ||
| 440 | 3 |
_aLa serpiente emplumada ; _v30 |
|
| 650 | 4 |
_aNovela mexicana _94557 |
|
| 650 | 4 |
_aLiteratura mexicana _ySiglo XIX _95396 |
|
| 905 | _aLibro | ||
| 999 |
_c148001 _d148001 |
||